|
|
|
|
| LEADER |
00000nam a22000007a 4500 |
| 005 |
2016092700390.0 |
| 007 |
cr|||| ||u| |
| 008 |
160927s2015 sp |||||o|||| 001 0 spa d |
| 020 |
|
|
|a 978-84-9085-551-5
|
| 035 |
|
|
|a 14348
|
| 040 |
|
|
|a vLex
|
| 090 |
|
|
|c 6239
|d 6239
|
| 100 |
1 |
|
|a Garca̕ Aranda, Santigo
|
| 245 |
1 |
2 |
|a La autonoma̕ local en la Constitucin̤ de 1978
|h [Recurso electrn̤ico] /
|c Santiago Garca̕ Aranda.
|
| 256 |
|
|
|a Servicio en ln̕ea
|
| 260 |
|
|
|a Madrid:
|b Dykinson,
|c 2015.
|
| 300 |
|
|
|a 1 Recurso electrn̤ico
|
| 506 |
1 |
|
|a Disponible solo en los productos indicados.
|d vLex Global
|d vLex Global (Academic Edition, excluding Law Schools)
|d vLex Global (U.S. Academic Edition, Law Schools)
|d vLex Global (U.S. Academic Edition, excluding Law Schools)
|d vLex Global (Academic Edition, Law Schools)
|
| 650 |
0 |
4 |
|a Derecho Constitucional
|z Espaą
|
| 740 |
0 |
|
|a vLex libros (servicios en ln̕ea)
|
| 856 |
4 |
0 |
|z Acceso restringido
|u http://vlex.com/source/autonomia-local-en-la-constitucion-de-1978-14348
|
| 942 |
|
|
|c BOOK
|
| 999 |
0 |
|
|a Constitutional Law
|